000 00625cab a22001935a 4500
001 L146750
008 090224e20090220xxkad f s 000 0 eng d
035 _a(Sirsi) u146750
041 0 _aeng
100 1 _aLever, Jon
245 0 0 _aAPC advice
260 _c2009
490 0 _aProperty Week
_v75(8) 20 February 2009, 44(1)
520 _aDiscusses the conclusion to the 15 month supervisor review and the supervisor's role in ensuring that it ends well.
590 _aKA
651 4 _aUnited Kingdom
_y
690 _aCAREERS, EDUCATION AND TRAINING-QUALIFICATION ROUTES-ASSESSMENT OF PROFESSIONAL COMPETENCE
942 _n0
999 _c81273
_d81273